000 00379nam a22001577a 4500
020 _a9780007282319
082 _a823
_bAGA/A
100 _aAgatha Christie
245 _aAnd then there were none/
_cby Agatha Christie
260 _aLondon:
_bHarper,
_c2007.
300 _a316p.
650 _aNovel English
650 _aLiterature English
650 _aLiterature
942 _cBK
999 _c54787
_d54787